Statystyki dla Jan-Rapowanie - Uśmiech

Kliknij tutaj aby rozwiązać quiz!

Ogólne statystyki

  • Ten quiz został rozwiązany 20 razy
  • Średni wynik to 10 z 12

Statystyki odpowiedzi

NumerUtwór% Poprawnych
7CENTRALNY
100%
6GŁÓWNY
100%
5Bąbelek
93%
10Dziewczyny z klasy
93%
1Pilot
93%
9Zapałki
93%
2Co ja wiem?
87%
3Thx
87%
11Gap Year
80%
4mY
73%
8Nie pomogę
67%
12Nikt mi nie kazał
67%

Rozkład punktacji

Percentyl według liczby udzielonych odpowiedzi

Procent ludzi z każdym wynikiem

Twoja historia wyników

Nie rozwiązałeś tego quizu